No me agarran viva : la mujer salvadoreña en lucha /
محفوظ في:
| المؤلفون الرئيسيون: | , |
|---|---|
| التنسيق: | كتاب |
| اللغة: | Spanish |
| منشور في: |
México, D.F. :
Ediciones Era,
1983
|
| الطبعة: | 1. edición |
| سلاسل: | Serie popular Era ;
83 |
| الموضوعات: | |
| الوسوم: |
إضافة وسم
لا توجد وسوم, كن أول من يضع وسما على هذه التسجيلة!
|
MARC
| LEADER | 00000cam a2200000 a 4500 | ||
|---|---|---|---|
| 001 | 3316979 | ||
| 005 | 20140623070550.0 | ||
| 008 | 840928s1983 mx 000 0 spa | ||
| 040 | |a DLC |c DLC |d cru CIICLA Universidad de Costa Rica | ||
| 082 | 0 | 0 | |a 972.840.052 |b A366n |
| 100 | 1 | |a Alegría, Claribel | |
| 100 | 1 | |a Flakoll, Darwin J. | |
| 245 | 1 | 0 | |a No me agarran viva : |b la mujer salvadoreña en lucha / |c Claribel Alegría y D.J. Flakoll. |
| 250 | |a 1. edición | ||
| 260 | |a México, D.F. : |b Ediciones Era, |c 1983 | ||
| 300 | |a 146 páginas | ||
| 490 | 0 | |a Serie popular Era ; |v 83 | |
| 600 | 0 | 7 | |a EUGENIA |d 1950-1981. |
| 650 | 7 | |a REVOLUCIONARIOS |z EL SALVADOR | |
| 650 | 7 | |a MUJERES EN LA POLITICA |z EL SALVADOR | |
| 651 | 7 | |a EL SALVADOR |x POLITICA Y GOBIERNO |y 1979-1992. | |
| 942 | |2 ddc |c BK | ||
| 999 | |c 3306 |d 3306 | ||
